000 00549nam a22002057a 4500
003 OSt
005 20140310182919.0
008 130129t xxu||||| |||| 00| 0 eng d
020 _a9710861875
050 _aKF 5624.6
_bAb117 2001
082 _aFIl 343.59904
_bAb1 2001
245 _aLaw of basic taxation in the Philippines
_cAban, Benjamin B.
260 _aManila
_bNational Book Store
_c2001
300 _a579 p
_c23 cm
521 _acollege students
526 _c1210L-1700L
541 _j1
562 _e1
942 _2lcc
_cBK
_kFIL
999 _c17327
_d17327